| 000 | 01001nam a2200277 4500 | ||
|---|---|---|---|
| 003 | BOFEUTO | ||
| 005 | 20260512144407.0 | ||
| 008 | 260504t2025 bo a gr 001 | spa d | ||
| 040 |
_6BOFEUTO _aBOFEUTO _cBOFEUTO |
||
| 041 | _aspa | ||
| 044 | _abo | ||
| 082 |
_aTE6287 _bC787m |
||
| 100 |
_aCorpa Ayala, Katherine Fabiola _eautor |
||
| 245 |
_aModelo Servqual para la Clínica URME del departamento de Oruro / _cKatherine Fabiola Corpa Ayala, César Choque García |
||
| 260 |
_aOruro : _bs/n, _c2025. |
||
| 300 |
_a101 hojas ; _btabl., fig., il. ; _c28.5 cm. |
||
| 500 | _aIncluye bibliografía, anexos. | ||
| 502 | _aTesis Dirigida, (Licenciatura) -- Universidad Técnica de Oruro, Facultad de Ciencias Económicas, Financieras y Administrativas, Carrera Administración de Empresas, 2025. | ||
| 650 | _aAdministración | ||
| 653 | _aMarketing | ||
| 653 | _aServicios | ||
| 653 | _aModelo Servqual | ||
| 700 |
_aChoque García, César _etutor |
||
| 942 |
_2ddc _cTE _n0 |
||
| 942 |
_n0 _2ddc |
||
| 999 |
_c16149 _d16149 |
||